Las responsabilidades de la guerra / (Record no. 89752)
[ view plain ]
| 000 -LEADER | |
|---|---|
| campo de control de longitud fija | 00939nam a2200241 i 4500 |
| 001 - NÚMERO DE CONTROL | |
| campo de control | 89752 |
| 003 - IDENTIFICADOR DE NÚMERO DE CONTROL | |
| campo de control | ES-MaACL |
| 005 - FECHA Y HORA DE LA ÚLTIMA TRANSACCIÓN | |
| campo de control | 20250828130203.0 |
| 007 - CAMPO FIJO DE DESCRIPCIÓN FÍSICA--INFORMACIÓN GENERAL | |
| campo de control de longitud fija | t| |
| 008 - DATOS DE LONGITUD FIJA--INFORMACIÓN GENERAL | |
| campo de control de longitud fija | 050112s1915 fr ||||1| spa d |
| 100 1# - ENTRADA PRINCIPAL--NOMBRE DE PERSONA | |
| Nombre de persona | Laudet, Fernand. |
| 9 (RLIN) | 70586 |
| 245 14 - MENCIÓN DEL TÍTULO | |
| Título | Las responsabilidades de la guerra / |
| Mención de responsabilidad, etc. | Fernando Laudet. El pensamiento francés en Alsacia-Lorena / Abate Wetterlé. |
| 260 ## - PUBLICACIÓN, DISTRIBUCIÓN, ETC. | |
| Lugar de publicación, distribución, etc. | Paris : |
| Nombre del editor, distribuidor, etc. | Plon-Nourrit et Cie., |
| Fecha de publicación, distribución, etc. | 1915. |
| 300 ## - DESCRIPCIÓN FÍSICA | |
| Extensión | 45 p. ; |
| Dimensiones | 18 cm. |
| 594 ## - Nota al título y mención de responsabilidad | |
| Nota al título y mención de responsabilidad | Precede al tít.: La Société des Conférences La revue Hendomadaire. |
| 650 14 - PUNTO DE ACCESO ADICIONAL DE MATERIA--TÉRMINO DE MATERIA | |
| Término de materia o nombre geográfico como elemento de entrada | Guerra mundial, 1914-1918. |
| 9 (RLIN) | 13212 |
| 700 1# - ENTRADA AGREGADA--NOMBRE PERSONAL | |
| Nombre de persona | Wetterlé |
| Títulos y otros términos asociados al nombre | , Abbé. |
| 9 (RLIN) | 116589 |
| 740 3# - ENTRADA AGREGADA--TÍTULO RELACIONADO/ANALÍTICO NO CONTROLADO | |
| Título relacionado o analítico no controlado | El pensamiento francés en Alsacia-Lorena. |
| 852 ## - LOCALIZACIÓN | |
| Ubicación | ES-MaACL |
| Número de control de estantería | 1482-F-2 |
| 856 ## - LOCALIZACIÓN Y ACCESO ELECTRÓNICOS | |
| Identificador Uniforme de Recursos | <a href="https://mdc.csuc.cat/digital/collection/Iguerramund/id/2817">https://mdc.csuc.cat/digital/collection/Iguerramund/id/2817</a> |
| Texto de enlace | Versión digital en línea |
| Nota pública | (Universitat Pompeu Fabra) |
| 942 ## - ELEMENTOS DE ENTRADA SECUNDARIOS (KOHA) | |
| Fuente del sistema de clasificación o colocación | Clasificación decimal universal |
| Tipo de ítem Koha | Folleto |
| Estatus retirado | Estado de pérdida | Estado de daño | No para préstamo | Colección | Biblioteca de origen | Biblioteca actual | Ubicación en estantería | Fecha de adquisición | Fuente de adquisición | Total de préstamos | Signatura topográfica completa | Código de barras | Visto por última vez | Precio de reemplazo | Tipo de ítem Koha |
|---|---|---|---|---|---|---|---|---|---|---|---|---|---|---|---|
| Colección de folletos | Biblioteca del Ateneo de Madrid | Biblioteca del Ateneo de Madrid | Depósito folletos | 17/01/2008 | 1482-F-2 | 1093734 | 23/02/2023 | 23/02/2023 | Folleto |
